000 01368cam a2200133 4500500
005 20260405051202.0
041 _afre
042 _adc
100 1 0 _aVerclytte, Valérie
_eauthor
245 0 0 _aLa société française de 1945 à nos jours
260 _bArmand Colin,
_c2018.
520 _aComment la société française a-t-elle évolué depuis les années d’après-Seconde Guerre mondiale ? Économiquement, culturellement, politiquement, démographiquement et sociologiquement, les mutations de son histoire ont été profondes. Cette synthèse revient sur ces thématiques en analysant point par point toutes ces transformations ainsi que leur impact sur les Français. Des « Trente Glorieuses » aux crises pétrolières et financières, de la désertification des campagnes à l’émergence des HLM et à la crise des banlieues, des changements sociopolitiques à la tertiarisation massive, du statut des femmes et des jeunes à la crise du modèle social, des bouleversements territoriaux à la citoyenneté 2.0, de la déchristianisation au multiconfessionnalisme, ce manuel questionne l’effectivité du modèle républicain issu de la Résistance jusqu’à parvenir au visage de la France d’aujourd’hui.
856 4 1 _uhttps://shs.cairn.info/la-societe-francaise-de-1945-a-nos-jours--9782200613082?lang=fr&redirect-ssocas=7080
999 _c2175989
_d2175989